|
|
|
|
| LEADER |
00748nab a2200181 i 4500 |
| 001 |
acta1864 |
| 005 |
20210420155624.0 |
| 008 |
161015s2004 hu o 0|| fre d |
| 022 |
|
|
|a 0567-8099
|
| 040 |
|
|
|a SZTE Egyetemi Kiadványok Repozitórium
|b hun
|
| 041 |
|
|
|a fre
|
| 100 |
1 |
|
|a Csabai Tamás
|
| 245 |
1 |
0 |
|a L'invention d'un genre philosophique
|h [elektronikus dokumentum] :
|b réflexions á propos des Pensées diverses sur la Cométe de Pierre Bayle /
|c Csabai Tamás
|
| 260 |
|
|
|c 2004
|
| 300 |
|
|
|a 173-177
|
| 490 |
0 |
|
|a Acta Universitatis Szegediensis de Attila József Nominatae : acta romanica
|v 23
|
| 695 |
|
|
|a Bayle, Pierre, Filozófia - francia - 17-18. sz.
|
| 856 |
4 |
0 |
|u http://acta.bibl.u-szeged.hu/1864/1/romanica_023_173-177.pdf
|z Dokumentum-elérés
|